007420000a220020500045001000031000007000028000312450166000590410014002256500010002396500026002496500021002756510028002966530016003246530019003406530023003596530017003826530016003996530016004157730105004311 aDelgadillo Garzón, Oscar1 aZapata Ramírez, Paula10aEvaluación rápida de peces arrecifales y su relación con la estructura del sustrato en las Islas del Rosario, área marina protegida del caribe colombiano0 aEspañol14aPeces14aUnidades ecológicas14aAreas protegidas 4pColombialRegion Caribe gSpirantheae gCyclopogoninae gStenorrhynchidinae gCranichideae gOrchidaceae gSpirantheae1 tRevista de la Academia Colombiana de Ciencias Exactas, Físicas y Naturalesh127q273-283d2009g33